000
00200 a2200097 4500
001
560
100
_a
HMSO
245
_a
Admiralty H?Book of W/LessTelegraphy
260
_a
_b
HMSO
_c
090
_c
161
_d
161
942
_a
NUST-CAE
_c
M
_c
6780
999
_c
235633
_d
235633